header

Asia in the making of Europe. (Record no. 112241)

MARC details
000 -LEADER
fixed length control field 01283nam a2200301Ia 4500
100 1# - MAIN ENTRY--AUTHOR NAME
Personal name Lach, Donald F.
245 10 - TITLE STATEMENT
Title Asia in the making of Europe.
260 ## - PUBLICATION, DISTRIBUTION, ETC. (IMPRINT)
Place of publication Chicago, Ill. :
Name of publisher University of Chicago Press,
Year of publication 1994, c1970.
300 ## - PHYSICAL DESCRIPTION
Number of Pages xvii, 241 p. :
Other physical details ill., maps.
650 #0 - SUBJECT ADDED ENTRY--TOPICAL TERM
Topical Term East and West
856 40 - ELECTRONIC LOCATION AND ACCESS
Uniform Resource Identifier http://site.ebrary.com/lib/rucke/Doc?id=10366818

No items available.

© 2026 Rongo University
Contact us: librarian | system librarian | Rongo university